000 00694nam a2200229 i 4500
001 78586
003 ES-MaACL
007 t|
008 041015s1985 sp ||||1| spa d
020 _a84-7444-176-5
100 1 _aHebb, Donald O.
_962255
245 1 0 _aOrganización de la conducta /
_cD.O. Hebb ; versión de Tomás del Amo Martín.
250 _a[1ª ed.].
260 _aMadrid :
_bDebate,
_c1985.
300 _a322 p. ;
_c23 cm.
490 1 _aClásicos de la psicología
504 _aBibliografía: p. 311-322.
700 1 _aAmo Martín, Tomás del.
_921281
830 0 _aClásicos de la psicología
_9183599
852 _aES-MaACL
_jL-8702
_bR.109249
999 _c78586
_d78586